Indochine - paroles Tokyo Boy - Statistiques

Statistiques générales
  • Ce quiz a été pris 5 fois
  • Le résultat moyen est 282 sur 361
Statistiques - réponses
Réponse % Correct
à
100%
a
100%
bitch
100%
cru
100%
dans
100%
Dans
100%
danser
100%
de
100%
des
100%
faut
100%
Je
100%
je
100%
la
100%
le
100%
les
100%
Les
100%
me
100%
nous
100%
On
100%
on
100%
parts
100%
perdu
100%
petites
100%
qui
100%
qu'il
100%
rues
100%
suis
100%
te
100%
tête
100%
tout
100%
toutes
100%
un
100%
aime
67%
Alors
67%
amour
67%
amoureux
67%
Aucun
67%
aujourd'hui ?
67%
autres
67%
baisers,
67%
baisers
67%
bien
67%
blancs
67%
bras
67%
ça
67%
cash
67%
ce
67%
cerveau
67%
C'est
67%
ceux
67%
changer
67%
comme
67%
Comment
67%
comprends
67%
crachent
67%
croire
67%
daddy
67%
d'écouter
67%
dire,
67%
disent
67%
dos
67%
d'une
67%
en
67%
entre
67%
Entre
67%
es,
67%
est
67%
et
67%
Et
67%
état
67%
être
67%
fâche
67%
fais
67%
famille
67%
festin
67%
fille
67%
filles
67%
Hiroshima
67%
j'aime
67%
lâches
67%
Laisse
67%
laisse
67%
leur
67%
m'a
67%
ma
67%
mains
67%
maintenant
67%
mal
67%
marcher
67%
mentir
67%
mes
67%
Moi,
67%
moi
67%
Moi
67%
ne
67%
n'entends
67%
Noël
67%
n'y
67%
ou
67%
Oui,
67%
parler
67%
passer
67%
passer,
67%
plus
67%
poissons
67%
pourra
67%
Poutine
67%
poutine
67%
prêt,
67%
promets,
67%
promets
67%
promis
67%
que
67%
quel
67%
regardent
67%
rien
67%
sage
67%
se
67%
sens
67%
serai
67%
si
67%
sont
67%
tabou
67%
t'attendent
67%
tes
67%
Toi
67%
toi
67%
ton
67%
Tous
67%
très
67%
tu
67%
Tu
67%
va
67%
veux
67%
vie ?
67%
vois
67%
vois,
67%
voudras
67%
yeah
67%
suggar
33%
Aucun quiz correspondant
Distribution des résultats
% des personnes avec chaque résultat
Percentile par nombre de réponses
Votre historique - résultats
Vous n’avez pas pris ce quiz